[Event "FRA-ch Blitz Online Qual"]
[Site "Europe Echecs INT"]
[Date "2020.05.16"]
[Round "14"]
[White "Deurvillier, Martial"]
[Black "Thobie, Pascal"]
[Result "0-1"]
[WhiteElo "1556"]
[BlackElo "1216"]
[PlyCount "143"]
[EventDate "2020.05.16"]
[EventType "swiss (blitz)"]
[EventRounds "15"]
[EventCountry "FRA"]
[SourceTitle "CBM 196 Extra"]
[Source "ChessBase"]
[SourceDate "2020.07.31"]
[SourceVersion "1"]
[SourceVersionDate "2020.07.31"]
[SourceQuality "1"]

1. d4 d5 2. c4 c6 3. Nc3 Bf5 4. Bf4 Nf6 5. e3 e6 6. Nf3 dxc4 7. Bxc4 Ne4 8. Qc1 Nxc3 9. Qxc3 a5 10. 0-0 Bd6 11. Bxd6 Qxd6 12. Rac1 0-0 13. Be2 Bg4 14. h3 Bh5 15. a3 Nd7 16. Qb3 Rfb8 17. Qd1 h6 18. Nd2 Bxe2 19. Qxe2 Nf6 20. Qf3 Qd7 21. Ne4 Nxe4 22. Qxe4 Qd5 23. Qxd5 cxd5 24. Rc5 Rc8 25. Rfc1 Rxc5 26. Rxc5 Ra7 27. Kf1 g6 28. Ke2 Kf8 29. Kd3 Ke7 30. g3 Kd6 31. h4 b6 32. Rc8 Rb7 33. Rd8+ Ke7 34. Rh8 h5 35. Rc8 Kd7 36. Rc2 Rc7 37. Rxc7+ Kxc7 38. Kc3 Kc6 39. b3 b5 40. a4 b4+ 41. Kd3 Kd6 42. Ke2 e5 43. Kf3 e4+ 44. Kf4 Ke6 45. Kg5 Ke7 46. g4 hxg4 47. Kxg4 Kf6 48. h5 gxh5+ 49. Kxh5 Kf5 50. Kh4 f6 51. Kh5 Ke6 52. Kg6 Ke7 53. Kf5 Kf7 54. Kf4 Kg6 55. f3 exf3 56. Kxf3 Kf5 57. Kf2 Ke4 58. Ke2 f5 59. Kd2 f4 60. exf4 Kxf4 61. Kd3 Kf3 62. Kd2 Ke4 63. Kc2 Kxd4 64. Kd2 Ke4 65. Ke2 d4 66. Kd2 Kd5 67. Kd3 Ke5 68. Kd2 Ke4 69. Ke2 d3+ 70. Kd2 Kd4 71. Kd1 Kc3 72. Kc1 0-1

[Event "FRA-ch Blitz Online Qual"]
[Site "Europe Echecs INT"]
[Date "2020.05.16"]
[Round "4"]
[White "Deurvillier, Martial"]
[Black "Varin, Timeo"]
[Result "1/2-1/2"]
[WhiteElo "1556"]
[BlackElo "1287"]
[PlyCount "136"]
[EventDate "2020.05.16"]
[EventType "swiss (blitz)"]
[EventRounds "15"]
[EventCountry "FRA"]
[SourceTitle "CBM 196 Extra"]
[Source "ChessBase"]
[SourceDate "2020.07.31"]
[SourceVersion "1"]
[SourceVersionDate "2020.07.31"]
[SourceQuality "1"]

1. d4 d5 2. c4 e6 3. Nc3 Nf6 4. Bf4 Be7 5. Nb5 Na6 6. e3 c6 7. Nc3 Nb8 8. Nf3 Nbd7 9. Bd3 dxc4 10. Bxc4 b5 11. Be2 a6 12. 0-0 0-0 13. Rc1 c5 14. dxc5 Nxc5 15. Qc2 Qb6 16. Rfd1 Bb7 17. h3 Rfd8 18. Rxd8+ Rxd8 19. Rd1 Rxd1+ 20. Qxd1 Qd8 21. Ne1 Qxd1 22. Nxd1 Kf8 23. Bf3 Bxf3 24. Nxf3 Nd3 25. b3 Nxf4 26. exf4 Ke8 27. Ne3 h6 28. f5 e5 29. Nxe5 Bd6 30. Nc6 Kd7 31. Nd4 Ne4 32. Nf3 Nc3 33. a4 bxa4 34. bxa4 Nxa4 35. Nc4 Nc3 36. Nd4 Bb4 37. Nb6+ Kd6 38. Nc8+ Kc7 39. Na7 a5 40. Nac6 Nd5 41. Nxb4 Nxb4 42. g4 a4 43. h4 a3 44. f4 a2 45. Nb3 Nc2 46. g5 h5 47. Kf2 a1Q 48. Nxa1 Nxa1 49. Kf3 Kd6 50. Ke4 Nb3 51. Kd3 Nc5+ 52. Kd4 Nd7 53. Ke4 Nc5+ 54. Kd4 Nb3+ 55. Ke4 Nd2+ 56. Ke3 Nc4+ 57. Kd4 Nd2 58. Ke3 Nf1+ 59. Kf2 Nh2 60. Kg3 Ng4 61. Kf3 Kd5 62. f6 gxf6 63. gxf6 Nxf6 64. Ke3 Ng4+ 65. Kf3 f5 66. Kg3 Ke4 67. Kg2 Kxf4 68. Kh3 Kf3 1/2-1/2

[Event "Reunion op 12th"]
[Site "St Denis"]
[Date "2010.10.13"]
[Round "5"]
[White "Deurvillier, Martial"]
[Black "Dalleau, Philippe"]
[Result "0-1"]
[WhiteElo "1590"]
[BlackElo "1862"]
[PlyCount "88"]
[EventDate "2010.10.09"]
[EventType "swiss"]
[EventRounds "9"]
[EventCountry "RUF"]
[SourceTitle "CBM 138 Extra"]
[Source "ChessBase"]
[SourceDate "2010.10.29"]
[SourceVersion "1"]
[SourceVersionDate "2010.10.29"]
[SourceQuality "1"]

1. d4 d5 2. c4 c6 3. cxd5 cxd5 4. Nc3 Nf6 5. Bf4 a6 6. Nf3 Nc6 7. e3 g6 8. Bd3 Bg7 9. 0-0 0-0 10. a3 Re8 11. Rc1 h6 12. Ne5 Nxe5 13. Bxe5 b5 14. Na2 Qb6 15. Qb3 Be6 16. Nc3 Qb7 17. Na4 Ne4 18. Bxe4 dxe4 19. Nc5 Bxb3 20. Nxb7 Bxe5 21. dxe5 Bc4 22. Rfe1 Rac8 23. Na5 Red8 24. g3 g5 25. Rc3 Rd2 26. b3 Be6 27. Rxc8+ Bxc8 28. Ra1 Rc2 29. b4 Rc3 30. Kg2 Kg7 31. Kf1 Kg6 32. Ke1 Kf5 33. Kd2 Rd3+ 34. Kc2 Kxe5 35. Nc6+ Kf6 36. Nd4 e5 37. Nb3 Kg6 38. Rd1 Be6 39. Rxd3 exd3+ 40. Kc3 Bxb3 41. Kxb3 g4 42. e4 f5 43. exf5+ Kxf5 44. Kc3 Ke4 0-1

[Event "Reunion op 12th"]
[Site "St Denis"]
[Date "2010.10.10"]
[Round "3"]
[White "Deurvillier, Martial"]
[Black "Semanele, Donald"]
[Result "1-0"]
[WhiteElo "1590"]
[BlackElo "1280"]
[PlyCount "57"]
[EventDate "2010.10.09"]
[EventType "swiss"]
[EventRounds "9"]
[EventCountry "RUF"]
[SourceTitle "CBM 138 Extra"]
[Source "ChessBase"]
[SourceDate "2010.10.29"]
[SourceVersion "1"]
[SourceVersionDate "2010.10.29"]
[SourceQuality "1"]

1. d4 d5 2. c4 Nf6 3. Nc3 e6 4. Bg5 b6 5. e3 Bb7 6. cxd5 exd5 7. Nf3 Qd6 8. Bd3 Ne4 9. Bf4 Qe7 10. Qc2 Bc6 11. 0-0 g6 12. Rac1 a6 13. Ne5 Bb7 14. Ne2 c5 15. Bxe4 dxe4 16. dxc5 bxc5 17. Qa4+ Nc6 18. Nxc6 Qd7 19. Qxe4+ Be7 20. Qxe7+ Qxe7 21. Nxe7 Kxe7 22. Rxc5 Rac8 23. Rfc1 Rxc5 24. Rxc5 Be4 25. Re5+ Kf6 26. Rxe4 Rd8 27. Rd4 Re8 28. Nc3 Kg7 29. Kf1 1-0

[Event "Reunion op 11th"]
[Site "St Denis"]
[Date "2009.10.15"]
[Round "7"]
[White "Deurvillier, Martial"]
[Black "Faustin, Patrice"]
[Result "1/2-1/2"]
[WhiteElo "1550"]
[BlackElo "1798"]
[PlyCount "59"]
[EventDate "2009.10.10"]
[EventType "swiss"]
[EventRounds "9"]
[EventCountry "RUF"]
[SourceTitle "CBM 132 Extra"]
[Source "ChessBase"]
[SourceDate "2009.11.03"]
[SourceVersion "1"]
[SourceVersionDate "2009.11.03"]
[SourceQuality "1"]

1. d4 d5 2. c4 e6 3. Nc3 Nf6 4. Bg5 Be7 5. e3 0-0 6. Nf3 a5 7. a4 Nbd7 8. Be2 c5 9. cxd5 exd5 10. 0-0 c4 11. b3 Nb6 12. bxc4 Nxc4 13. Bxc4 dxc4 14. Bxf6 Bxf6 15. h3 Re8 16. Qc2 Qd6 17. Ne4 Qc6 18. Nxf6+ Qxf6 19. Kh2 Qd6+ 20. Kg1 Qd5 21. Rfc1 Qh5 22. Qxc4 Bxh3 23. Ne5 Be6 24. Qb5 f6 25. Nd3 Qxb5 26. axb5 Bd7 27. Nc5 Bxb5 28. Nxb7 Rec8 29. Rxc8+ Rxc8 30. Rxa5 1/2-1/2